000 00339nam a2200133Ia 4500
005 20251222175920.0
008 251222s9999||||xx |||||||||||||| ||spa||
020 _a968-16-6063-3
082 _a341.77/B34
100 _aBeccaria, César
245 0 _aDe los Delitos y de las Penas
264 _bFondo de Cultura Económica
942 _cLIB
999 _c40632
_d40632